| 000 | 00436cam a2200145 a 4500 | ||
|---|---|---|---|
| 001 | 000036846 | ||
| 005 | 20200930075955.0 | ||
| 008 | 710114s1965 sp 000 0 spa d | ||
| 040 |
_aDO-SdBNP _bspa _cBNPHU |
||
| 100 | 1 |
_aLópez Sainz, Celia _963194 |
|
| 245 | 1 | 0 |
_aEncontraron el camino de Cristo / _cCelia López Sainz. |
| 260 |
_aBilbao : _bEdiciones Paulinas, _c1965. |
||
| 300 |
_a278 p. ; _c19 cm. |
||
| 650 | 2 | 4 |
_aVidas cristianas _963195 |
| 999 |
_c36337 _d36337 |
||